000 00463nab a2200145Ia 4500
003 ES-SlBCS
005 20210601132852.0
008 140529s1963 xxu||||| |||| 00| 0 ita d
041 _aita
100 1 _aSarti, Sergio
_979346
245 0 0 _aConsiderazioni sul cogito e sull'idea cartesiana di perfezione
_c Sergio Sarti
600 1 4 _aDescartes-Perfección
_9199661
773 0 _tGiornali di Metafisica
_gvol. 18, nº. 1, 1963, págs. 71-88
_w0017-0372
942 _cAR
999 _c586926
_d586926